000 00680nam a22002172 4500
001 0000002011
005 20151217151836.0
008 070330s xx 000 0 eng d
020 _a0199272433 :
_cKES 4,199
040 _aKABU
_cKABU
050 0 _aHD6971
_b.W55
100 1 _aWilliams, Steve.
_@0000151182
245 1 0 _aContemporary employment relations :
_ba critical introduction /
_cSteve Williams and Derek Adam-Smith.
260 _aOxford :
_bOUP,
_c2006.
300 _axiii, 358 p.
650 0 _aIndustrial relations.
_@0000148089
700 1 _aAdam-Smith, Derek.
_@0000151183
908 _a070330
950 _@1
999 _c5586
_d5586